Közgazdasági Lexikon

Podrobná bibliografia
Hlavný autor: Halász, Sandor (Autor)
Médium: Kniha
Jazyk:neznámy jazyk
PhysicalDescription:893 s.
Vydavateľské údaje: Budapest Pallas Irodalmi 1898

MARC

LEADER 00000nam a2200000 a 4500
001 vtls001355349
003 SK-MaSNL
005 20260301070451.0
008 240314s1898 xx 0 und
035 |a SNK000308807 
040 |a SNK  |b slo  |c SNK  |e AACR2 
041 0 |a und 
044 |a xx 
100 1 |a Halász, Sandor  |4 aut  |9 386713 
245 1 0 |a Közgazdasági Lexikon 
260 |a Budapest  |b Pallas Irodalmi  |c 1898 
300 |a 893 s. 
958 |a ONDV 
999 |c 634449  |d 636379 
952 |t P60, <04>, [BOOK], {604}  |a SNK  |b SNK  |y VYP  |7 0  |p 17A0180711  |o snkIB 3406/1  |0 0  |1 0  |4 0  |d 1999-02-16  |l 0  |r 2005-01-02 00:00:00  |w 2026-02-23